00596nam a2200205 a 450000100060000000300080000600500170001400800410003103500190007204000260009104100080011708200220012510000260014724500730017326000340024630000360028050000190031665000280033565000270036367858BD-RjUL20211209081712.0170329s1952 nyua|||| |||| 001 0 eng d a(BD-RjUL)68067 aBD-RjULbengcBD-RjUL aeng 223a154bMCP 1952 a McGeoch, John A. aThe psychology of human learning /cJohn A. McGeoch; Arthur L. Irion aNew York :bLongmans,cc1952. axxii, 596 p. :bill. ;c21 cm.  aIncludes index aLearning, Psychology of aEducational psychology